000 00349 a2200169 4500
001 72615
020 _a8532207197
040 _cAnchieta - Colégio São Paulo
100 _aPessoa, Fernando
240 1 0 _aMensagem
_lpor
245 1 0 _aMensagem
300 _a109
362 0 _a1992
440 1 _aFTD
650 4 _aPoesia brasileira
942 _cBK
999 _c72615
_d72615